|
|
|
|
| LEADER |
01391nam a2200349 a 4500 |
| 001 |
000229348 |
| 003 |
CZ BrMZK |
| 005 |
20110629130003.0 |
| 007 |
ta |
| 008 |
010907s1997 xr e p cze d |
| 015 |
|
|
|a cnb000280141
|
| 020 |
|
|
|a 80-214-0919-3
|
| 035 |
|
|
|a (OCoLC)84940049
|
| 040 |
|
|
|a BOA001
|b cze
|
| 072 |
|
7 |
|a 330.5+338
|x Národní hospodářství a hospodářská politika
|2 Konspekt
|9 4
|
| 072 |
|
7 |
|a 37.016
|x Učební osnovy. Vyučovací předměty. Učebnice
|2 Konspekt
|9 22
|
| 080 |
|
|
|a 338.242
|2 MRF
|
| 080 |
|
|
|a (075.8)
|2 MRF
|
| 100 |
1 |
|
|a Nováček, Vnislav,
|d 1950-
|7 xx0005579
|4 aut
|
| 245 |
1 |
0 |
|a Základy tržní ekonomiky /
|c Vnislav Nováček, Drahomíra Pavelková, Pavla Šumberová
|
| 250 |
|
|
|a Vyd. 1.
|
| 260 |
|
|
|a Brno :
|b Vysoké učení technické,
|c 1997
|
| 300 |
|
|
|a 158 s. ;
|c 21 cm
|
| 500 |
|
|
|a Určeno pro posl. 2. roč. fak. managementu a ekonomiky
|
| 650 |
0 |
7 |
|a tržní ekonomika
|7 ph126777
|2 czenas
|
| 655 |
|
7 |
|a učebnice vysokých škol
|7 fd133772
|2 czenas
|
| 700 |
1 |
|
|a Šumberová, Pavla
|7 mzk2011647930
|4 aut
|
| 700 |
1 |
|
|a Pavelková, Drahomíra,
|d 1963-
|7 xx0004599
|4 aut
|
| 710 |
2 |
|
|a Vysoké učení technické v Brně.
|b Fakulta managementu a ekonomiky ve Zlíně
|7 kn20010709419
|
| 910 |
|
|
|a BOA001
|b 2-1037.074
|
| 990 |
|
|
|a BK
|
| 996 |
6 |
|
|b 2610169688
|c 2-1037.074
|l MZK
|r Sklad / do 1 hodiny
|n 4
|p dar ; xerox
|w 000229348
|u 000020
|a 1
|e BOA001
|j MZK50
|s P
|